[Event "23rd EUR-ch"]
[Site "Vrnjacka Banja SRB"]
[Date "2023.03.12"]
[Round "10.31"]
[White "Gavrilescu, David"]
[Black "Bernadskiy, Vitaliy"]
[Result "1/2-1/2"]
[WhiteElo "2527"]
[BlackElo "2611"]
[EventDate "2023.03.03"]
[PlyCount "67"]

1.e4 c5 2.Nf3 d6 3.d4 cxd4 4.Nxd4 Nf6 5.Nc3 a6 6.Be3 Ng4 7.Bg5 h6 8.Bh4 g5
9.Bg3 Nc6 10.Be2 h5 11.h4 gxh4 12.Rxh4 Bg7 13.Nb3 Be6 14.Qd2 Qb6 15.Nd5 
Bxd5 16.exd5 Nce5 17.Rh3 Ng6 18.O-O-O Bh6 19.f4 Qe3 20.Rf1 Qxd2+ 21.Kxd2 
Nf6 22.c4 b5 23.cxb5 axb5 24.Bxb5+ Kf8 25.a4 Rb8 26.Ke1 Nxd5 27.Rxh5 Nc7 
28.f5 Ne5 29.Rfh1 Nxb5 30.Rxh6 Rxh6 31.Rxh6 Kg7 32.Rh3 Nc7 33.Bf2 Nd5 34.
a5 1/2-1/2

[Event "23rd EUR-ch"]
[Site "Vrnjacka Banja SRB"]
[Date "2023.03.12"]
[Round "10.32"]
[White "Yilmazyerli, Mert"]
[Black "Bartel, Mateusz"]
[Result "1/2-1/2"]
[WhiteElo "2525"]
[BlackElo "2609"]
[EventDate "2023.03.03"]
[PlyCount "120"]

1.Nf3 d5 2.g3 Nf6 3.Bg2 Bf5 4.c4 e6 5.O-O dxc4 6.Qa4+ Nbd7 7.Qxc4 Be7 8.
Nc3 c6 9.d4 O-O 10.Re1 Ne4 11.Qb3 Nb6 12.Bf4 g5 13.Be3 Nd6 14.Rad1 Ndc4 
15.Nb1 a5 16.Ne5 a4 17.Qc3 Bxb1 18.Nxc4 Bxa2 19.Nxb6 Qxb6 20.d5 Qb4 21.Qe5
Bxd5 22.Bxd5 exd5 23.Bxg5 f6 24.Qe6+ Rf7 25.Bf4 Qe4 26.Qh3 Bc5 27.Rd3 Re8 
28.Be3 Qb4 29.Bd2 Qe4 30.Be3 d4 31.Bh6 f5 32.Bf4 Bf8 33.Qf1 c5 34.e3 Bg7 
35.Rc1 Qd5 36.Rdd1 Qb3 37.Rxc5 dxe3 38.Bxe3 Qxb2 39.Qc4 Qb3 40.Qxb3 axb3 
41.Rd3 b2 42.Rb3 Rd7 43.Rcb5 Ra8 44.Kg2 Ra1 45.Kf3 Rdd1 46.Rxb2 Bxb2 47.
Rxb2 Rab1 48.Rc2 Kf7 49.Rc7+ Kg6 50.h4 Rb4 51.Bf4 Rd3+ 52.Be3 f4 53.Ke2 
Rxe3+ 54.fxe3 fxg3 55.Kf3 Rb3 56.Re7 Rb1 57.Kxg3 b5 58.h5+ Kh6 59.Kg4 Rg1+
60.Kh4 Rh1+ 1/2-1/2

[Event "23rd EUR-ch"]
[Site "Vrnjacka Banja SRB"]
[Date "2023.03.12"]
[Round "10.33"]
[White "Bjerre, Jonas Buhl"]
[Black "Gharibian, Mamikon"]
[Result "1-0"]
[WhiteElo "2608"]
[BlackElo "2491"]
[EventDate "2023.03.03"]
[PlyCount "85"]

1.Nf3 d5 2.g3 g6 3.Bg2 Bg7 4.O-O e5 5.d3 Ne7 6.c4 c6 7.e4 O-O 8.b4 a5 9.b5
d4 10.Ba3 Nd7 11.bxc6 bxc6 12.c5 Ba6 13.Qc2 Nc8 14.Nbd2 Na7 15.Nc4 Nb5 16.
Bb2 Nc3 17.Bxc3 Bxc4 18.Bxd4 Bxd3 19.Qxd3 exd4 20.Rac1 Qc7 21.Nxd4 Rfd8 
22.Qe3 Ne5 23.Nf3 Rd3 24.Qe2 Nxf3+ 25.Bxf3 Rad8 26.Rc2 Qe5 27.Bg2 Qd4 28.
e5 Bxe5 29.Bxc6 Rc3 30.Rfc1 Rxc2 31.Rxc2 Rc8 32.Qf3 Rc7 33.Kg2 Bf6 34.Be4 
Re7 35.Bd5 Kg7 36.Rc4 Qb2 37.Rf4 Re1 38.c6 Rc1 39.h4 h5 40.Qe3 Rd1 41.c7 
Rc1 42.Rxf6 Kxf6 43.Bc6 1-0

[Event "23rd EUR-ch"]
[Site "Vrnjacka Banja SRB"]
[Date "2023.03.12"]
[Round "10.34"]
[White "Gadimbayli, Abdulla"]
[Black "Safarli, Eltaj"]
[Result "1/2-1/2"]
[WhiteElo "2507"]
[BlackElo "2608"]
[EventDate "2023.03.03"]
[PlyCount "40"]

1.e4 c5 2.Nf3 Nc6 3.d4 cxd4 4.Nxd4 Qb6 5.Nb3 Nf6 6.Nc3 e6 7.Qe2 Bb4 8.Bd2 
O-O 9.a3 Bxc3 10.Bxc3 e5 11.O-O-O Re8 12.g4 d5 13.exd5 Bxg4 14.f3 Nd4 15.
Nxd4 exd4 16.Bxd4 Rxe2 17.Bxb6 Rxc2+ 18.Kxc2 Bxf3 19.Bd4 Bxh1 20.Bxf6 gxf6
1/2-1/2

[Event "23rd EUR-ch"]
[Site "Vrnjacka Banja SRB"]
[Date "2023.03.12"]
[Round "10.35"]
[White "Halkias, Stelios"]
[Black "Yuffa, Daniil"]
[Result "0-1"]
[WhiteElo "2514"]
[BlackElo "2605"]
[EventDate "2023.03.03"]
[PlyCount "102"]

1.Nf3 d5 2.d4 Nf6 3.c4 c6 4.Nc3 dxc4 5.a4 Bf5 6.Ne5 Nbd7 7.Nxc4 Nb6 8.Ne5 
a5 9.e3 g6 10.Bd3 Nfd7 11.Bxf5 gxf5 12.Qc2 e6 13.O-O Nxe5 14.dxe5 Qc7 15.
f4 O-O-O 16.e4 fxe4 17.Nxe4 Nd5 18.Kh1 Be7 19.Qe2 h5 20.Bd2 h4 21.h3 Qb6 
22.Bc3 Qe3 23.Qc2 Nxc3 24.bxc3 Qd3 25.Qxd3 Rxd3 26.f5 Rh5 27.f6 Bf8 28.Rf4
Kc7 29.Nf2 Rxc3 30.Ng4 Rd3 31.Rc4 Rf5 32.Rac1 Rh5 33.Re4 b6 34.Nh2 Bc5 35.
Nf3 Bf2 36.g4 hxg3 37.Kg2 c5 38.Rcc4 Kc6 39.Rg4 Rf5 40.Rcf4 Rxf4 41.Rxf4 
b5 42.axb5+ Kxb5 43.Rg4 a4 44.Rg8 Rd7 45.h4 Ra7 46.h5 Be3 47.Rb8+ Kc4 48.
Kf1 a3 49.Ke2 a2 50.Kxe3 a1=Q 51.Nd2+ Kd5 0-1

[Event "23rd EUR-ch"]
[Site "Vrnjacka Banja SRB"]
[Date "2023.03.12"]
[Round "10.36"]
[White "Mastrovasilis, Dimitrios"]
[Black "Velten, Paul"]
[Result "1/2-1/2"]
[WhiteElo "2599"]
[BlackElo "2478"]
[EventDate "2023.03.03"]
[PlyCount "161"]

1.e4 e6 2.d4 d5 3.e5 c5 4.c3 Nc6 5.Nf3 Bd7 6.Na3 cxd4 7.cxd4 Bxa3 8.bxa3 
Qa5+ 9.Bd2 Qxa3 10.Rb1 b6 11.Bb5 Nge7 12.O-O a6 13.Bxc6 Nxc6 14.Rxb6 Qxa2 
15.Rb7 h6 16.Qc1 Rc8 17.Qc5 Nd8 18.Rc7 Rxc7 19.Qxc7 Qc4 20.Qd6 Qc6 21.Qa3 
Qa4 22.Qd6 Qc6 23.Rc1 Qxd6 24.exd6 Nc6 25.Ne5 Nxe5 26.dxe5 O-O 27.Rc7 Rd8 
28.f4 Bb5 29.Kf2 d4 30.Kf3 f5 31.Ba5 Rd7 32.Rc8+ Kf7 33.Bb6 d3 34.Ke3 Kg6 
35.Ba5 Kf7 36.h3 h5 37.Rh8 Kg6 38.h4 Rf7 39.g3 Rd7 40.Kd2 Bc4 41.Rb8 Kf7 
42.Kc3 Bb5 43.Kd4 Ra7 44.Kc5 Rd7 45.Bd2 Ra7 46.Kb6 Rd7 47.Rc8 Kg6 48.Rh8 
Bc4 49.Rb8 Bb5 50.Ba5 Rf7 51.Rd8 Ba4 52.Rc8 Rd7 53.Kxa6 Kf7 54.Kb6 Bd1 55.
Kc6 Ba4+ 56.Kb6 Bd1 57.Rc3 Bc2 58.Rc7 Ke8 59.Rc4 Bb3 60.Rd4 Bd5 61.Rxd3 
Rb7+ 62.Kc5 Be4 63.Rd4 Kd7 64.Ra4 Bc6 65.Ra3 Ra7 66.Ra1 Ra8 67.Ra3 Ra7 68.
Kb6 Ra8 69.Ra2 Rb8+ 70.Kc5 Ra8 71.Kb4 Rb8+ 72.Kc3 Ra8 73.Ra1 Ra7 74.Kb4 
Rb7+ 75.Kc5 Ra7 76.Kb6 Ra8 77.Ra3 Rb8+ 78.Kc5 Ra8 79.Bb4 Rxa3 80.Bxa3 g6 
81.Bb4 1/2-1/2

[Event "23rd EUR-ch"]
[Site "Vrnjacka Banja SRB"]
[Date "2023.03.12"]
[Round "10.37"]
[White "Pechac, Jergus"]
[Black "Sanikidze, Tornike"]
[Result "1-0"]
[WhiteElo "2598"]
[BlackElo "2459"]
[EventDate "2023.03.03"]
[PlyCount "67"]

1.d4 Nf6 2.c4 e6 3.Nc3 d5 4.cxd5 Nxd5 5.e4 Nxc3 6.bxc3 c5 7.Rb1 Be7 8.Bb5+
Nd7 9.a4 O-O 10.Nf3 a6 11.Bd3 cxd4 12.cxd4 e5 13.d5 Nc5 14.Nxe5 Nxd3+ 15.
Qxd3 f5 16.Qb3 Bd6 17.Nc4 Re8 18.O-O fxe4 19.Ba3 Bxa3 20.Qxa3 Rb8 21.Rfd1 
Bg4 22.Rd2 b5 23.axb5 Rxb5 24.Rxb5 axb5 25.Ne3 Bd7 26.d6 Qa8 27.Qb2 Qa5 
28.h3 b4 29.Qb3+ Kf8 30.Nd5 Rb8 31.Ne7 Qa1+ 32.Rd1 Qxd1+ 33.Qxd1 b3 34.Qd5
1-0

[Event "23rd EUR-ch"]
[Site "Vrnjacka Banja SRB"]
[Date "2023.03.12"]
[Round "10.38"]
[White "Hovhannisian, Robert"]
[Black "Willow, Jonah"]
[Result "1-0"]
[WhiteElo "2597"]
[BlackElo "2459"]
[EventDate "2023.03.03"]
[PlyCount "147"]

1.e4 c5 2.Nf3 e6 3.d4 cxd4 4.Nxd4 Nf6 5.Nc3 Nc6 6.Ndb5 Bb4 7.a3 Bxc3+ 8.
Nxc3 d5 9.Bd3 dxe4 10.Nxe4 Nxe4 11.Bxe4 Qxd1+ 12.Kxd1 Bd7 13.Bd2 O-O-O 14.
Kc1 Nd4 15.Re1 f5 16.Bd3 Bc6 17.f3 Nb3+ 18.cxb3 Rxd3 19.Kc2 Rhd8 20.Ba5 
R8d6 21.Bb4 R6d4 22.Bc3 Rd6 23.h4 Kd7 24.a4 a6 25.Re2 b5 26.Bxg7 R3d5 27.
Bc3 Rc5 28.Re5 Rxe5 29.Bxe5 Rd5 30.Bc3 h5 31.a5 e5 32.Re1 Ke6 33.Kb1 Rc5 
34.Ka2 e4 35.Ka3 Bd5 36.fxe4 Bxe4 37.Re3 Rd5 38.Rg3 f4 39.Rg8 b4+ 40.Kxb4 
Bd3 41.Rf8 Rf5 42.Re8+ Kd7 43.Re1 Kc6 44.Rd1 Be4 45.Rd2 f3 46.gxf3 Bxf3 
47.Ka3 Bd5 48.Rc2 Kd7 49.Re2 Rf4 50.Re5 Bf3 51.b4 Rxh4 52.b5 axb5 53.Rxb5 
Rh1 54.Rf5 Be4 55.Rf4 Bc6 56.Kb4 h4 57.Kc5 Bg2 58.a6 h3 59.Rh4 h2 60.Rh6 
Be4 61.Kb6 Rd1 62.Rxh2 Rd6+ 63.Ka5 Bd3 64.a7 Ra6+ 65.Kb4 Kc6 66.Bd4 Be4 
67.Rh8 Kd7 68.Bc5 Bc6 69.Rh7+ Kc8 70.Kc4 Ra1 71.Bb6 Rc1+ 72.Kb4 Ba8 73.
Rh8+ Kb7 74.Kb5 1-0

[Event "23rd EUR-ch"]
[Site "Vrnjacka Banja SRB"]
[Date "2023.03.12"]
[Round "10.39"]
[White "Soffer, Ram"]
[Black "Brkic, Ante"]
[Result "0-1"]
[WhiteElo "2456"]
[BlackElo "2596"]
[EventDate "2023.03.03"]
[PlyCount "120"]

1.d4 Nf6 2.c4 e6 3.Nc3 Bb4 4.a3 Bxc3+ 5.bxc3 c5 6.f3 Nc6 7.e4 d6 8.Ne2 b6 
9.Bg5 h6 10.Bh4 Na5 11.Nc1 e5 12.d5 Bd7 13.a4 Qc8 14.Bxf6 gxf6 15.Be2 Kd8 
16.O-O Kc7 17.Rf2 Qg8 18.Nd3 f5 19.exf5 Bxf5 20.Nb2 Qg5 21.Bf1 Rae8 22.Qe2
Bd7 23.Qc2 f5 24.Kh1 h5 25.Bd3 h4 26.f4 exf4 27.Raf1 h3 28.Rxf4 Rh4 29.
Rxh4 Qxh4 30.g3 Qg5 31.Qf2 Re3 32.Kg1 Nb3 33.Qf4 Qxf4 34.gxf4 Nd2 35.Rc1 
Ne4 36.Bxe4 Rxe4 37.Kf2 Rxf4+ 38.Ke3 Rg4 39.Rc2 Rg1 40.Rf2 Ra1 41.Kd3 Rg1 
42.Ke3 Kd8 43.Nd3 Rg2 44.Nb2 f4+ 45.Ke2 Bf5 46.Kf1 Rxf2+ 47.Kxf2 Be4 48.
Nd1 Ke7 49.Ke2 Bc2 50.Nf2 Kf6 51.Nxh3 Kf5 52.Nf2 Bxa4 53.Kd3 Bb3 54.h4 a5 
55.h5 a4 56.Ne4 a3 57.Nxd6+ Kg4 58.h6 a2 59.h7 a1=Q 60.h8=Q Qd1+ 0-1

[Event "23rd EUR-ch"]
[Site "Vrnjacka Banja SRB"]
[Date "2023.03.12"]
[Round "10.40"]
[White "Moussard, Jules"]
[Black "Stankovic, Milos"]
[Result "1/2-1/2"]
[WhiteElo "2684"]
[BlackElo "2447"]
[EventDate "2023.03.03"]
[PlyCount "238"]

1.e4 c5 2.Nf3 d6 3.d4 cxd4 4.Nxd4 Nf6 5.Nc3 Bd7 6.f3 e5 7.Nb3 Be7 8.Be3 
O-O 9.Qd2 a5 10.a4 Na6 11.O-O-O Nc7 12.Bb6 Qb8 13.Kb1 Bc6 14.Bxc7 Qxc7 15.
Bb5 Rfd8 16.Qe2 d5 17.exd5 Nxd5 18.Nxd5 Bxd5 19.Rd3 Rac8 20.Rc3 Qb6 21.
Qxe5 Bxb3 22.Rxb3 Bf6 23.Qe4 Rd4 24.Bd3 Rxe4 25.Rxb6 Rxa4 26.c3 Rh4 27.
Rxb7 Rh5 28.Be4 g6 29.Kc2 Rd8 30.f4 Rc5 31.g3 h5 32.Rd1 Rxd1 33.Kxd1 h4 
34.Bc2 hxg3 35.hxg3 Kf8 36.g4 Bd8 37.Ke2 Rc6 38.Rd7 Be7 39.Rb7 Re6+ 40.Kd3
Rd6+ 41.Kc4 Rd2 42.Be4 Rf2 43.f5 Rf4 44.Kd4 Rxg4 45.fxg6 Bf6+ 46.Kd3 fxg6 
47.Bd5 Rf4 48.Ra7 Bd8 49.c4 Rf5 50.Ke4 Rf2 51.b3 Re2+ 52.Kf4 Bb6 53.Rb7 
Bc5 54.Kg5 Ke8 55.Kxg6 Bb4 56.Kf5 Kd8 57.Rb5 Rc2 58.Rb7 Rc3 59.Ke4 Rxb3 
60.c5 Rc3 61.c6 Rc1 62.Kd3 Rd1+ 63.Ke4 Rc1 64.Kd3 Rd1+ 65.Kc4 Rc1+ 66.Kb3 
Rc5 67.Be4 Re5 68.Rd7+ Kc8 69.Bd3 Rc5 70.Ba6+ Kb8 71.Rb7+ Ka8 72.Rf7 Kb8 
73.Rb7+ Ka8 74.Bb5 Rc3+ 75.Kb2 Rc5 76.Ba4 Bc3+ 77.Kb3 Be5 78.Bb5 Rc1 79.
Rd7 Kb8 80.Bc4 Rc3+ 81.Ka4 Rxc4+ 82.Kb5 Rc1 83.Kxa5 Rxc6 84.Kb5 Rc1 85.Re7
Bc7 86.Re4 Kb7 87.Rc4 Rd1 88.Rg4 Rd5+ 89.Kc4 Kc6 90.Rg6+ Bd6 91.Rh6 Rg5 
92.Rh8 Rg4+ 93.Kd3 Kd5 94.Rd8 Rg3+ 95.Ke2 Ke5 96.Re8+ Kf4 97.Kd2 Be5 98.
Rf8+ Ke4 99.Re8 Rg2+ 100.Ke1 Kf4 101.Re7 Bd4 102.Re2 Rg3 103.Re8 Be5 104.
Re7 Rg2 105.Re8 Ra2 106.Re7 Bd6 107.Re2 Ra3 108.Re8 Kf3 109.Kd2 Bf4+ 110.
Kc2 Be3 111.Rh8 Ra7 112.Kc3 Ke4 113.Re8+ Kf3 114.Rf8+ Bf4 115.Kc4 Ke4 116.
Rh8 Rc7+ 117.Kb5 Kd5 118.Rh5+ Be5 119.Rg5 Rg7 1/2-1/2

[Event "23rd EUR-ch"]
[Site "Vrnjacka Banja SRB"]
[Date "2023.03.12"]
[Round "10.41"]
[White "Wojtaszek, Radoslaw"]
[Black "Gorodetzky, David"]
[Result "1-0"]
[WhiteElo "2682"]
[BlackElo "2488"]
[EventDate "2023.03.03"]
[PlyCount "101"]

1.d4 d5 2.c4 e6 3.Nc3 c5 4.cxd5 exd5 5.Nf3 Nc6 6.dxc5 d4 7.Na4 Bxc5 8.Nxc5
Qa5+ 9.Qd2 Qxc5 10.e3 dxe3 11.Qxe3+ Qxe3+ 12.Bxe3 Nge7 13.Bc4 O-O 14.O-O 
Bg4 15.Ng5 h6 16.Ne4 Na5 17.Bb5 a6 18.Ba4 Nd5 19.Bc5 Rfc8 20.b4 b6 21.bxa5
bxc5 22.Rfc1 c4 23.Nd6 Rc5 24.Rxc4 Rxc4 25.Nxc4 Rc8 26.Bb3 Rc5 27.Re1 Kf8 
28.g3 g5 29.f3 Be6 30.Re5 Ke7 31.f4 gxf4 32.gxf4 Kf6 33.h4 Rc8 34.f5 Rxc4 
35.Rxe6+ fxe6 36.Bxc4 Kxf5 37.Bxa6 Ke5 38.Bb7 Nc3 39.a6 Nb5 40.Kf2 Kd4 41.
Kf3 e5 42.a4 Na7 43.Kg4 e4 44.Kh5 e3 45.Bf3 Kc5 46.a5 Kb5 47.Be2+ Kxa5 48.
Kxh6 Kb6 49.h5 Nc6 50.Kg5 Nd4 51.Bf1 1-0

[Event "23rd EUR-ch"]
[Site "Vrnjacka Banja SRB"]
[Date "2023.03.12"]
[Round "10.42"]
[White "Naer, Evgeny"]
[Black "Quparadze, Giga"]
[Result "1/2-1/2"]
[WhiteElo "2666"]
[BlackElo "2483"]
[EventDate "2023.03.03"]
[PlyCount "182"]

1.e4 c5 2.Nf3 e6 3.d4 cxd4 4.Nxd4 Nf6 5.Nc3 Nc6 6.Bf4 Bc5 7.Ndb5 O-O 8.Bc7
Qe7 9.Bd6 Bxd6 10.Qxd6 Qd8 11.O-O-O a6 12.Nd4 Ne7 13.Be2 b5 14.e5 Nfd5 15.
Nxd5 Nxd5 16.g3 Bb7 17.Rhe1 Rc8 18.Kb1 Qc7 19.Qxc7 Rxc7 20.c3 g5 21.Bg4 b4
22.cxb4 Nxb4 23.a3 Nd5 24.Rd2 a5 25.Nb5 Rc5 26.Nd6 Bc6 27.h3 Rb8 28.Rc1 
Nc3+ 29.Ka1 Ne4 30.Rxc5 Nxc5 31.Kb1 Kf8 32.Bd1 Ke7 33.Bc2 h6 34.Nc4 a4 35.
Ne3 Ne4 36.Bxe4 Bxe4+ 37.Ka2 Rb5 38.Rd4 Rxe5 39.Rxa4 f5 40.Rd4 Rb5 41.a4 
Rb8 42.Ka3 d5 43.b4 e5 44.Rd2 Ke6 45.b5 f4 46.gxf4 gxf4 47.Nc2 Rc8 48.b6 
Kd6 49.Nb4 Rc3+ 50.Kb2 d4 51.Rd1 Kc5 52.Re1 Bb7 53.Na2 Rf3 54.Rxe5+ Kxb6 
55.a5+ Kc6 56.Nb4+ Kd6 57.Rh5 Be4 58.a6 Rxf2+ 59.Kb3 d3 60.Rxh6+ Kc5 61.
Rh5+ Kd4 62.Rh8 d2 63.Rd8+ Ke3 64.a7 Rf1 65.Nc2+ Bxc2+ 66.Kxc2 Ra1 67.Rd3+
Ke4 68.Rxd2 Rxa7 69.Rd6 Kf3 70.Kd2 Kf2 71.h4 Rh7 72.Kd3 f3 73.Ra6 Kg2 74.
Rg6+ Kf1 75.Ke3 f2 76.Rf6 Re7+ 77.Kf3 Ke1 78.Kg4 Rg7+ 79.Kh3 f1=Q+ 80.
Rxf1+ Kxf1 81.h5 Kf2 82.Kh4 Kf3 83.h6 Ra7 84.Kg5 Ke4 85.Kg6 Ra6+ 86.Kg7 
Kf5 87.h7 Ra7+ 88.Kh6 Ra6+ 89.Kg7 Ra7+ 90.Kh6 Rxh7+ 91.Kxh7 Ke5 1/2-1/2

[Event "23rd EUR-ch"]
[Site "Vrnjacka Banja SRB"]
[Date "2023.03.12"]
[Round "10.44"]
[White "Kollars, Dmitrij"]
[Black "Briakin, Mikhail"]
[Result "1-0"]
[WhiteElo "2618"]
[BlackElo "2474"]
[EventDate "2023.03.03"]
[PlyCount "93"]

1.e4 c6 2.Nf3 d5 3.d3 g6 4.e5 Bg7 5.d4 f6 6.exf6 Nxf6 7.Bd3 O-O 8.O-O Bg4 
9.Nbd2 Qd6 10.h3 Bf5 11.Bxf5 gxf5 12.Ne5 Nbd7 13.Ndf3 Ne4 14.Bf4 Rae8 15.
Re1 Nxe5 16.Nxe5 Bxe5 17.Bxe5 Qg6 18.f3 Ng5 19.Kh2 f4 20.Qd2 Qf5 21.Re2 h5
22.h4 Ne6 23.Qb4 b6 24.Qa4 c5 25.Rae1 Qg6 26.Qc6 Rd8 27.Kg1 Qf7 28.c4 Rc8 
29.Qxd5 Rfd8 30.Qb7 cxd4 31.Qxa7 Rxc4 32.Qxb6 d3 33.Rd2 Rc2 34.Bc3 Rxd2 
35.Bxd2 Rd6 36.Qb8+ Kh7 37.Bc3 Kg6 38.Qa8 Nd4 39.Qe4+ Qf5 40.Qxe7 Re6 41.
Rxe6+ Nxe6 42.Qd6 Kf7 43.Qd7+ Kg6 44.b4 Kh6 45.a4 Qg6 46.a5 d2 47.Qxd2 1-0

[Event "23rd EUR-ch"]
[Site "Vrnjacka Banja SRB"]
[Date "2023.03.12"]
[Round "10.45"]
[White "Ahmadzada, Ahmad"]
[Black "Socko, Bartosz"]
[Result "1/2-1/2"]
[WhiteElo "2487"]
[BlackElo "2618"]
[EventDate "2023.03.03"]
[PlyCount "94"]

1.e4 c6 2.d4 d5 3.exd5 cxd5 4.Bd3 Nc6 5.c3 Qc7 6.h3 g6 7.Nf3 Bf5 8.Bxf5 
gxf5 9.O-O e6 10.Qe2 Bg7 11.c4 Nge7 12.Nc3 Rd8 13.Bg5 Nxd4 14.Nxd4 Bxd4 
15.Nb5 Qe5 16.Nxd4 Qxd4 17.cxd5 Rxd5 18.Rac1 Qe4 19.Qh5 f4 20.Rc7 Ng6 21.
Qh6 Qe5 22.Rc8+ Kd7 23.Rxh8 Qxh8 24.Bxf4 Qf8 25.Qxf8 Nxf8 26.Rc1 e5 27.Be3
a6 28.Rc4 Ng6 29.g4 Ne7 30.Kg2 Rd1 31.Kf3 Rh1 32.Rc1 Rxc1 33.Bxc1 Ke6 34.
Ke4 f5+ 35.gxf5+ Nxf5 36.f4 Nd6+ 37.Kd3 h5 38.b3 Kd5 39.fxe5 Kxe5 40.a4 
Ne4 41.Be3 Kd5 42.Kc2 Nd6 43.Kd3 Nf5 44.Bb6 Ke5 45.Bc7+ Kd5 46.Bb6 Ke5 47.
Bc7+ Kd5 1/2-1/2

[Event "23rd EUR-ch"]
[Site "Vrnjacka Banja SRB"]
[Date "2023.03.12"]
[Round "10.46"]
[White "Samadov, Read"]
[Black "Can, Emre"]
[Result "1/2-1/2"]
[WhiteElo "2471"]
[BlackElo "2600"]
[EventDate "2023.03.03"]
[PlyCount "136"]

1.d4 d5 2.c4 e6 3.Nf3 Nf6 4.g3 Bb4+ 5.Bd2 Be7 6.Bg2 c6 7.Qc2 Nbd7 8.O-O 
Ne4 9.Nc3 Nxd2 10.Nxd2 O-O 11.Rfd1 f5 12.Rab1 f4 13.gxf4 Rxf4 14.e3 Rg4 
15.f4 dxc4 16.Kh1 Rb8 17.Nxc4 b5 18.Nd2 c5 19.Bf3 Rg6 20.Nde4 Qb6 21.f5 
exf5 22.Nd5 Qd8 23.Nxc5 Bd6 24.Nf4 Rh6 25.Qg2 Nf8 26.Ncd3 Qe7 27.Ne5 Bxe5 
28.dxe5 Qxe5 29.Rd8 Bd7 30.Bd5+ Kh8 31.Qg5 Rxd8 32.Qxd8 Qf6 33.Qxf6 Rxf6 
34.Rc1 g5 35.Nd3 Rd6 36.e4 fxe4 37.Bxe4 Rd4 38.Nc5 Bh3 39.Kg1 Nd7 40.Bf3 
Ne5 41.Be4 Nd7 42.Bf3 Nf6 43.Re1 Rd2 44.Re2 Rd1+ 45.Kf2 Rf1+ 46.Kg3 h5 47.
Kxh3 Rxf3+ 48.Kg2 g4 49.Rf2 Rxf2+ 50.Kxf2 Kg7 51.Kg3 Kg6 52.Kf4 Nd5+ 53.
Ke4 Nb6 54.Kf4 Na4 55.Nd3 Kf6 56.a3 Nb6 57.b3 Nd5+ 58.Ke4 Nc3+ 59.Kf4 Ne2+
60.Ke3 Ng1 61.a4 bxa4 62.bxa4 Nf3 63.h3 Ne5 64.Nxe5 Kxe5 65.hxg4 hxg4 66.
a5 a6 67.Kf2 Kd4 68.Kg3 Ke5 1/2-1/2

[Event "23rd EUR-ch"]
[Site "Vrnjacka Banja SRB"]
[Date "2023.03.12"]
[Round "10.48"]
[White "Grigoriants, Sergey"]
[Black "Saraci, Nderim"]
[Result "1-0"]
[WhiteElo "2572"]
[BlackElo "2469"]
[EventDate "2023.03.03"]
[PlyCount "149"]

1.e4 e5 2.Nf3 Nc6 3.Bb5 a6 4.Ba4 Nf6 5.O-O Nxe4 6.d4 b5 7.Bb3 d5 8.dxe5 
Be6 9.Be3 Be7 10.Nbd2 O-O 11.Re1 Nc5 12.Bxc5 Bxc5 13.c3 Re8 14.h3 Rb8 15.
Bc2 Bb6 16.Nb3 Qe7 17.Qd2 Red8 18.Qf4 a5 19.a4 b4 20.Rad1 bxc3 21.bxc3 d4 
22.Qe4 g6 23.Qxc6 d3 24.Rxd3 Rxd3 25.Bxd3 Bxb3 26.Bc4 Bxc4 27.Qxc4 Qc5 28.
Qxc5 Bxc5 29.Rd1 c6 30.g4 h6 31.Kg2 Rb3 32.Rd8+ Kg7 33.Rc8 Rb2 34.Nd4 Bxd4
35.cxd4 Rb4 36.Rd8 g5 37.Kf3 Rxa4 38.Rd7 Kg8 39.Ke3 Ra3+ 40.Ke4 Rc3 41.Ra7
c5 42.d5 Rc4+ 43.Ke3 Rd4 44.d6 a4 45.Rc7 Rd5 46.f4 gxf4+ 47.Kxf4 a3 48.Ra7
Rd3 49.Ke4 c4 50.Ra4 f6 51.Rxc4 a2 52.Ra4 Rd2 53.Ke3 Rd5 54.Rxa2 Rxe5+ 55.
Kd4 Kf7 56.Rf2 Re1 57.Kd5 Rd1+ 58.Kc6 Rc1+ 59.Kd7 Ra1 60.Re2 Ra7+ 61.Kc8 
Ra8+ 62.Kc7 Ra3 63.Re7+ Kf8 64.Kc6 Rxh3 65.Rc7 Rc3+ 66.Kb7 Rb3+ 67.Kc8 Ra3
68.d7 Ra8+ 69.Kb7 Rd8 70.Rc8 Ke7 71.Rxd8 Kxd8 72.Kc6 f5 73.gxf5 h5 74.f6 
h4 75.f7 1-0

[Event "23rd EUR-ch"]
[Site "Vrnjacka Banja SRB"]
[Date "2023.03.12"]
[Round "10.49"]
[White "Kaasen, Tor Fredrik"]
[Black "Livaic, Leon"]
[Result "1/2-1/2"]
[WhiteElo "2464"]
[BlackElo "2569"]
[EventDate "2023.03.03"]
[PlyCount "87"]

1.c4 g6 2.d4 Nf6 3.Nf3 Bg7 4.g3 O-O 5.Bg2 d6 6.Nc3 Nc6 7.O-O a6 8.Bf4 Rb8 
9.Rc1 Bd7 10.a3 Nh5 11.Be3 e6 12.b4 Ne7 13.Qd3 f5 14.Rcd1 b5 15.Bc1 Nf6 
16.Rfe1 h6 17.Nd2 Qe8 18.Bb2 g5 19.cxb5 axb5 20.e4 fxe4 21.Ndxe4 Nxe4 22.
Bxe4 Qf7 23.Rf1 d5 24.Bg2 Qg6 25.Qxg6 Nxg6 26.Ne2 c6 27.Nc1 e5 28.Nb3 exd4
29.Bxd4 Bxd4 30.Rxd4 Ne5 31.Nc5 Bf5 32.Ra1 Ra8 33.h4 Bh3 34.hxg5 Bxg2 35.
Kxg2 hxg5 36.Ne6 Rf5 37.g4 Rf6 38.Nxg5 Rg6 39.f4 Nxg4 40.Kf3 Nh6 41.Rd2 
Rf8 42.Rh1 Nf7 43.Nxf7 Rxf7 44.Rdh2 1/2-1/2

[Event "23rd EUR-ch"]
[Site "Vrnjacka Banja SRB"]
[Date "2023.03.12"]
[Round "10.50"]
[White "Makarian, Rudik"]
[Black "Stefansson, Vignir Vatnar"]
[Result "1/2-1/2"]
[WhiteElo "2557"]
[BlackElo "2461"]
[EventDate "2023.03.03"]
[PlyCount "99"]

1.Nf3 d5 2.g3 Nf6 3.Bg2 c5 4.O-O Nc6 5.d3 e5 6.e4 dxe4 7.dxe4 Qxd1 8.Rxd1 
Bg4 9.Na3 Nd4 10.Rd3 Bxf3 11.Bxf3 b5 12.c3 Nxf3+ 13.Rxf3 a6 14.c4 b4 15.
Nc2 h6 16.Re3 O-O-O 17.f3 Be7 18.Kf2 Nd7 19.Re2 Nb8 20.b3 Nc6 21.h4 Nd4 
22.Rd2 Nxc2 23.Rxc2 Rd1 24.Bb2 Rxa1 25.Bxa1 Bd6 26.Ke3 Re8 27.f4 Kc7 28.h5
f6 29.Kf3 Kd7 30.Bb2 Ke6 31.Bc1 Rb8 32.Be3 Rb7 33.Rd2 Rb8 34.Rd5 Rc8 35.
Ke2 Rc7 36.Kf2 Rc8 37.Kf3 Rc7 38.g4 Rc8 39.fxe5 fxe5 40.g5 hxg5 41.Kg4 Be7
42.Bxg5 Bd6 43.Be3 Be7 44.Rd1 Rf8 45.a3 bxa3 46.Ra1 Rb8 47.Rxa3 Rb6 48.b4 
cxb4 49.Ra1 Rc6 50.c5 1/2-1/2

[Event "23rd EUR-ch"]
[Site "Vrnjacka Banja SRB"]
[Date "2023.03.12"]
[Round "10.51"]
[White "Sousa, Andre Ventura"]
[Black "Parligras, Mircea-Emilian"]
[Result "1-0"]
[WhiteElo "2464"]
[BlackElo "2554"]
[EventDate "2023.03.03"]
[PlyCount "111"]

1.e4 c5 2.Nf3 d6 3.d4 cxd4 4.Nxd4 Nf6 5.Nc3 a6 6.f3 e5 7.Nb3 Be7 8.Be3 Be6
9.Qd2 h5 10.Be2 Nbd7 11.Nd5 Bxd5 12.exd5 a5 13.Rc1 a4 14.Na1 Qa5 15.Qxa5 
Rxa5 16.c4 Bd8 17.Nc2 Bb6 18.Bxb6 Nxb6 19.Ne3 g6 20.h4 Nbd7 21.Kf2 Ke7 22.
Nd1 b5 23.cxb5 Nxd5 24.Nc3 Nxc3 25.Rxc3 Nc5 26.Ra3 Raa8 27.Bc4 Rab8 28.b4 
axb3 29.axb3 Rhc8 30.Ra7+ Nd7 31.Rha1 Rc5 32.Bxf7 Rcxb5 33.R1a6 R8b7 34.
Bxg6 Rxb3 35.Bxh5 Nc5 36.Rxb7+ Rxb7 37.Ra2 Nd3+ 38.Kg3 Nf4 39.Bg4 d5 40.h5
d4 41.Kh4 Kf6 42.g3 Nd5 43.Ra5 Nb4 44.f4 e4 45.Rf5+ Kg7 46.Re5 e3 47.Kg5 
Nc6 48.h6+ Kf8 49.Re6 Nd8 50.Rf6+ Kg8 51.Be2 Rc7 52.Kg6 Rc6 53.Bc4+ Kh8 
54.g4 Rxf6+ 55.Kxf6 Nb7 56.g5 1-0

[Event "23rd EUR-ch"]
[Site "Vrnjacka Banja SRB"]
[Date "2023.03.12"]
[Round "10.52"]
[White "Ghimpu, Samuel-Timotei"]
[Black "Sychev, Klementy"]
[Result "1/2-1/2"]
[WhiteElo "2459"]
[BlackElo "2549"]
[EventDate "2023.03.03"]
[PlyCount "34"]

1.d4 Nf6 2.Nf3 d5 3.Bf4 c5 4.e3 Nc6 5.Nbd2 Nh5 6.dxc5 Nxf4 7.exf4 g6 8.c3 
Bh6 9.g3 O-O 10.Bg2 b6 11.cxb6 Qxb6 12.Nb3 Rd8 13.O-O Bg4 14.h3 Bxf3 15.
Qxf3 a5 16.Qe3 Qc7 17.Rfd1 e6 1/2-1/2

[Event "23rd EUR-ch"]
[Site "Vrnjacka Banja SRB"]
[Date "2023.03.12"]
[Round "10.53"]
[White "Nevednichy, Vladislav"]
[Black "Kobo, Ori"]
[Result "0-1"]
[WhiteElo "2457"]
[BlackElo "2548"]
[EventDate "2023.03.03"]
[PlyCount "106"]

1.e4 c5 2.Nf3 d6 3.d4 cxd4 4.Nxd4 Nf6 5.Nc3 Nc6 6.Bg5 e6 7.Qd2 a6 8.O-O-O 
Bd7 9.f4 Be7 10.Nf3 b5 11.Bxf6 gxf6 12.Kb1 b4 13.Ne2 h5 14.f5 e5 15.Nc1 
Qb6 16.Bc4 Na5 17.Bd5 Rc8 18.b3 Nc6 19.Nd3 a5 20.Nb2 Na7 21.Nc4 Qc5 22.a4 
bxa3 23.Ka2 Bf8 24.Ne1 Bh6 25.Qxa5 Qxa5 26.Nxa5 Nb5 27.Rd3 Nc3+ 28.Rxc3 
Rxc3 29.Nc4 Ke7 30.Kxa3 Be3 31.Kb2 Bd4 32.Kc1 Rg8 33.Kd2 Rg4 34.Rf1 h4 35.
Kd1 Bb5 36.Kd2 Ba6 37.Rh1 Bxc4 38.Bxc4 Rxe4 39.Nf3 Rxc4 40.bxc4 Bc5 41.Kd3
Re3+ 42.Kd2 h3 43.Nh4 Re4 44.g3 Rxc4 45.Rb1 e4 46.c3 Ra4 47.Rb2 Ra1 48.Kc2
Rf1 49.Rb8 Rf2+ 50.Kd1 Rxh2 51.Ng6+ Kd7 52.Nf4 Rh1+ 53.Kc2 h2 0-1

[Event "23rd EUR-ch"]
[Site "Vrnjacka Banja SRB"]
[Date "2023.03.12"]
[Round "10.54"]
[White "Loiseau, Quentin"]
[Black "Lobanov, Sergei"]
[Result "1/2-1/2"]
[WhiteElo "2449"]
[BlackElo "2545"]
[EventDate "2023.03.03"]
[PlyCount "25"]

1.e4 c5 2.Nf3 Nc6 3.d4 cxd4 4.Nxd4 e5 5.Nb5 d6 6.N1c3 a6 7.Na3 b5 8.Nd5 
Nge7 9.c4 Nxd5 10.exd5 Nd4 11.cxb5 Be7 12.Bd3 Bg5 13.O-O 1/2-1/2

[Event "23rd EUR-ch"]
[Site "Vrnjacka Banja SRB"]
[Date "2023.03.12"]
[Round "10.55"]
[White "Stremavicius, Titas"]
[Black "Shubin, Kirill"]
[Result "1/2-1/2"]
[WhiteElo "2544"]
[BlackElo "2449"]
[EventDate "2023.03.03"]
[PlyCount "143"]

1.c4 e5 2.Nc3 Nc6 3.Nf3 Nf6 4.e4 Bb4 5.d3 d6 6.a3 Bc5 7.b4 Bb6 8.Na4 Bd4 
9.Rb1 Bg4 10.Be2 Bxf3 11.Bxf3 a6 12.Qd2 Ba7 13.Nc3 Nd4 14.Bd1 Nd7 15.Ne2 
Nf8 16.Nxd4 Bxd4 17.h4 Ne6 18.Bg4 Qf6 19.Qe2 h5 20.Bxe6 Qxe6 21.Be3 Bxe3 
22.Qxe3 O-O 23.O-O f5 24.Qh3 Rae8 25.Rfe1 Qg6 26.c5 Re6 27.cxd6 cxd6 28.
exf5 Rxf5 29.Re3 Ref6 30.Rg3 Qf7 31.f3 Qd5 32.Rc1 Qxd3 33.Kh2 Rf7 34.Rg5 
Kh7 35.Rd1 Qxd1 36.Rxf5 Rxf5 37.Qxf5+ Kh6 38.Qg5+ Kh7 39.Qxh5+ Kg8 40.Qe8+
Kh7 41.Qh5+ Kg8 42.Qg4 Qd5 43.Qc8+ Kh7 44.Qf5+ Kg8 45.Qd7 Kh7 46.Qf5+ Kg8 
47.Qg6 Qc4 48.Kh3 Qc8+ 49.Kg3 Qf8 50.Kf2 Qf4 51.h5 Qd4+ 52.Kg3 Qf4+ 53.Kh3
Qf7 54.Qxd6 Qxh5+ 55.Kg3 Qg5+ 56.Kf2 Qh4+ 57.Ke2 Qc4+ 58.Qd3 Qa2+ 59.Kf1 
b5 60.Kg1 Kh8 61.Kh2 Qc4 62.Qe4 Qc1 63.Qxe5 Qxa3 64.Qe8+ Kh7 65.Qe4+ Kg8 
66.g4 Qc1 67.Qe6+ Kh7 68.Qe7 Kg8 69.g5 Qf4+ 70.Kg2 g6 71.Kf2 Qh2+ 72.Kf1 
1/2-1/2